Least Guessed Capitals - Statistics

General Stats
  • This quiz has been taken 22 times
  • The average score is 10 of 12
Answer Stats
Country % guessed Capital % Correct
Tonga 36 Nuku’alofa
95%
Kiribati 37 South Tarawa
95%
Solomon Islands 36 Honiara
91%
Eswatini 38 Mbabane
86%
Palau 35 Ngerulmud
86%
Mauritania 38 Nouakchott
86%
Burundi 38 Gitega
82%
Micronesia 35 Palikir
82%
Nauru 37 Yaren
82%
Marshall Islands 35 Majuro
77%
Equatorial Guinea 37 Malabo
77%
Lesotho 36 Maseru
77%
No matching quizzes found
Score Distribution
Percent of People with Each Score
Percentile by Number Answered
Your Score History
You have not taken this quiz